[Event "ch-city"]
[Site "Milanowek"]
[Date "2009.06.26"]
[Round "7.4"]
[White "Goslawski, Michal"]
[Black "Alvarado, Carlos"]
[Result "1-0"]
[WhiteElo "1999"]
[BlackElo "2184"]
[PlyCount "95"]
[EventDate "2009.06.20"]
[EventRounds "9"]
[EventCountry "POL"]

1. Nf3 d5 2. d4 Nf6 3. c4 e6 4. g3 dxc4 5. Bg2 Bd7 6. Ne5 Bc6 7. Nxc6 Nxc6 8.
Qa4 Bb4+ 9. Bd2 Nd5 10. Bxb4 Ndxb4 11. a3 Nd5 12. Qxc4 O-O 13. e3 Qg5 14. Nc3
Rfd8 15. Nxd5 exd5 16. Qb5 Rab8 17. O-O a6 18. Qc5 Rd6 19. b4 Qd8 20. Rfc1 Qd7
21. Ra2 g6 22. Rac2 b6 23. Qc3 Rb7 24. Bxd5 Rxd5 25. Qxc6 Qxc6 26. Rxc6 Rd7 27.
Kf1 Kf8 28. Ke2 Ke7 29. Kd3 Kd8 30. e4 Ra7 31. a4 Ra8 32. d5 Rb8 33. Kd4 Rb7
34. f4 Rd6 35. R6c3 Kc8 36. e5 Rd7 37. g4 Kd8 38. Rc6 Rb8 39. R1c3 Ra8 40. Ke4
f5+ 41. gxf5 gxf5+ 42. Kxf5 Rxd5 43. Rxc7 Rd7 44. Rxd7+ Kxd7 45. Rh3 Rh8 46.
Rh6 Kc7 47. Ke4 a5 48. b5 1-0

[Event "ch-city"]
[Site "Milanowek"]
[Date "2009.06.26"]
[Round "7.5"]
[White "Ponceleusz, Bronislaw"]
[Black "Woloszyn, Piotr"]
[Result "0-1"]
[WhiteElo "1965"]
[BlackElo "1831"]
[PlyCount "68"]
[EventDate "2009.06.20"]
[EventRounds "9"]
[EventCountry "POL"]

1. d4 d5 2. c4 e5 3. dxe5 d4 4. a3 a5 5. Nf3 Bc5 6. g3 Ne7 7. Bg2 O-O 8. O-O
Ng6 9. Nbd2 Nc6 10. Nb3 Ba7 11. a4 Ngxe5 12. Nxe5 Nxe5 13. Nxa5 c6 14. b4 Bb6
15. Bf4 Ng6 16. Bd2 Bxa5 17. bxa5 c5 18. Rb1 Ra7 19. Rb5 Qe7 20. e3 Rd8 21. Bd5
Bd7 22. Rb6 Be6 23. e4 Bxd5 24. exd5 Qd7 25. Re1 Ra6 26. Rb5 Rc8 27. Qb3 Ra7
28. Qf3 h6 29. Qe4 Qh3 30. f4 Nf8 31. Reb1 Qd7 32. Kg2 Re8 33. Qd3 Qg4 34. Qf3
Re2+ 0-1

[Event "ch-city"]
[Site "Milanowek"]
[Date "2009.06.26"]
[Round "7.6"]
[White "Grochulski, Grzegorz"]
[Black "Kowalska, Elzbieta"]
[Result "1-0"]
[WhiteElo "1949"]
[BlackElo "1910"]
[PlyCount "79"]
[EventDate "2009.06.20"]
[EventRounds "9"]
[EventCountry "POL"]

1. e4 c5 2. Nf3 Nc6 3. d4 cxd4 4. Nxd4 Nf6 5. Nc3 d6 6. Bg5 a6 7. Qd2 Bd7 8.
O-O-O e6 9. f4 b5 10. Bxf6 gxf6 11. Nxc6 Bxc6 12. Bd3 h5 13. Kb1 Qb6 14. Rhe1
O-O-O 15. Qe3 Qxe3 16. Rxe3 Kb7 17. Ne2 Be7 18. Nd4 Bd7 19. c4 b4 20. Nb3 Kb6
21. Be2 Ba4 22. Rd2 h4 23. Nd4 Rdg8 24. Bf3 Bf8 25. a3 a5 26. axb4 axb4 27. b3
Bd7 28. Nc2 Kc5 29. Ne1 Bh6 30. Nd3+ Kd4 31. Ree2 Bc6 32. Nxb4+ Kc5 33. Nxc6
Bxf4 34. Nd4 Bxd2 35. Rxd2 Ra8 36. Kb2 Ra6 37. Kc3 d5 38. exd5 Kd6 39. Nb5+ Ke5
40. d6 1-0

[Event "ch-city"]
[Site "Milanowek"]
[Date "2009.06.26"]
[Round "7.7"]
[White "Chmielewska, Joanna"]
[Black "Solnicki, Michal"]
[Result "1/2-1/2"]
[WhiteElo "1671"]
[BlackElo "1997"]
[PlyCount "101"]
[EventDate "2009.06.20"]
[EventRounds "9"]
[EventCountry "POL"]

1. e4 c5 2. Nf3 g6 3. d4 cxd4 4. c3 Bg7 5. cxd4 d5 6. exd5 Nf6 7. Bb5+ Nbd7 8.
d6 exd6 9. Qe2+ Qe7 10. Qxe7+ Kxe7 11. O-O Nb6 12. Re1+ Be6 13. Nc3 h6 14. Bd2
Rac8 15. Rac1 Rc7 16. Na4 Rxc1 17. Rxc1 Nxa4 18. Bxa4 Rc8 19. Rxc8 Bxc8 20. Bb3
Be6 21. Bxe6 Kxe6 22. Kf1 Kd5 23. Be3 Ne4 24. Ke2 Ng5 25. Nxg5 hxg5 26. Kd3 g4
27. b3 f5 28. f3 gxf3 29. gxf3 Bf6 30. h3 Bh4 31. Kc3 Bg3 32. Kd3 a6 33. Kc3 f4
34. Bg1 b5 35. Kd3 Ke6 36. Kc3 Be1+ 37. Kd3 d5 38. Ke2 Bg3 39. Kd3 Kf5 40. Ke2
Kg5 41. Kf1 Kh4 42. Kg2 b4 43. Bh2 g5 44. Bg1 Be1 45. Kh2 Bg3+ 46. Kg2 a5 47.
Bh2 Be1 48. Bg1 Bd2 49. Bf2+ Kh5 50. Kf1 Be3 51. Ke2 1/2-1/2

[Event "ch-city"]
[Site "Milanowek"]
[Date "2009.06.26"]
[Round "7.8"]
[White "Lasota, Adam"]
[Black "Staniak, Mariusz"]
[Result "1/2-1/2"]
[WhiteElo "1753"]
[BlackElo "1949"]
[PlyCount "83"]
[EventDate "2009.06.20"]
[EventRounds "9"]
[EventCountry "POL"]

1. d4 Nf6 2. c4 e6 3. Nc3 d5 4. Nf3 Be7 5. Bf4 O-O 6. e3 c5 7. dxc5 Bxc5 8. Qc2
Qa5 9. Nd2 Bb4 10. Bd3 Nc6 11. Nb3 Qb6 12. O-O Be7 13. a3 dxc4 14. Bxc4 e5 15.
Bg5 Be6 16. Bxe6 fxe6 17. Nd2 Rac8 18. Qb3 Qxb3 19. Nxb3 Nd5 20. Bxe7 Ncxe7 21.
Nxd5 exd5 22. Rfc1 $11 b6 23. Rxc8 Rxc8 24. Rc1 Rxc1+ 25. Nxc1 Kf7 26. Kf1 Ke6
27. Ke2 Nf5 28. Nd3 Nd6 29. b3 Nb5 30. a4 Nc3+ 31. Kd2 Ne4+ 32. Kc2 a5 33. f3
Nc5 34. Kc3 Nxd3 35. Kxd3 g5 36. g3 Kf5 37. f4 gxf4 38. gxf4 Ke6 39. Kc3 d4+
40. Kd3 dxe3 41. fxe5 Kxe5 42. Kxe3 1/2-1/2

[Event "ch-city"]
[Site "Milanowek"]
[Date "2009.06.26"]
[Round "7.9"]
[White "Borowicz, Miroslaw"]
[Black "Wyszomirski, Krzysztof"]
[Result "0-1"]
[WhiteElo "1858"]
[BlackElo "1683"]
[PlyCount "98"]
[EventDate "2009.06.20"]
[EventRounds "9"]
[EventCountry "POL"]

1. d4 Nf6 2. c4 g6 3. Nc3 Bg7 4. e4 d6 5. f4 O-O 6. Nf3 Na6 7. Be2 c5 8. d5 Nc7
9. O-O a6 10. a4 Rb8 11. Qc2 Bd7 12. Bd2 b5 13. axb5 axb5 14. cxb5 Nxb5 15. e5
Nxc3 16. Bxc3 Nxd5 17. Qd2 Nxc3 18. bxc3 Bc6 19. Ra7 d5 20. Rfa1 Ra8 21. Qb2 e6
22. Qa3 Qb6 23. Ra6 Rxa6 24. Qxa6 Qxa6 25. Rxa6 Rc8 26. Kf2 Bf8 27. Ke3 Be7 28.
Nd2 c4 29. Nf3 Kf8 30. Bd1 Ke8 31. Rxc6 Rxc6 32. Ba4 Bc5+ 33. Ke2 Kd7 34. Bxc6+
Kxc6 35. Ng5 Bg1 36. h3 Bh2 37. Ke3 Bg1+ 38. Kd2 Kb5 39. Nf3 Bc5 40. Ng5 Ka4
41. Nxf7 Kb3 42. Ng5 d4 43. cxd4 c3+ 44. Kd3 c2 45. Nxe6 c1=Q 46. Nxc5+ Kb4 47.
Ke4 Qc2+ 48. Kd5 Qc4+ 49. Ke4 Kc3 0-1

[Event "ch-city"]
[Site "Milanowek"]
[Date "2009.06.26"]
[Round "7.10"]
[White "Kowalik, Pawel"]
[Black "Kolinski, Daniel"]
[Result "0-1"]
[WhiteElo "1846"]
[BlackElo "1742"]
[PlyCount "68"]
[EventDate "2009.06.20"]
[EventRounds "9"]
[EventCountry "POL"]

1. d4 Nf6 2. c4 c5 3. d5 e6 4. Nc3 d6 5. e4 exd5 6. cxd5 a6 7. a4 g6 8. Bd3 Bg7
9. Nge2 O-O 10. O-O Re8 11. Bg5 Nbd7 12. f4 Qb6 13. Kh1 c4 14. Bxc4 Ng4 15. Qe1
Ne3 16. Rb1 Nxf1 17. Qxf1 Nf6 18. Ng3 Ng4 19. h3 Ne3 20. Qd3 Nxc4 21. Qxc4 Bd7
22. Kh2 Rac8 23. Qd3 Qb4 24. Nge2 Bxa4 25. f5 Be5+ 26. g3 Bb3 27. f6 Bc4 28.
Qf3 Bxe2 29. Nxe2 Rc2 30. Qe3 Rxb2 31. Rf1 Bxg3+ 32. Qxg3 Rxe2+ 33. Kg1 Qxe4
34. Qxd6 Qg2# 0-1

[Event "ch-city"]
[Site "Milanowek"]
[Date "2009.06.26"]
[Round "7.12"]
[White "Zochowski, Wieslaw"]
[Black "Szymczak, Rafal"]
[Result "1/2-1/2"]
[WhiteElo "1812"]
[BlackElo "2025"]
[PlyCount "63"]
[EventDate "2009.06.20"]
[EventRounds "9"]
[EventCountry "POL"]

1. e4 d5 2. exd5 Qxd5 3. Nc3 Qd6 4. d4 Nf6 5. Nf3 a6 6. Bd3 g6 7. Ne2 b5 8. c3
Bg7 9. Bf4 Qb6 10. O-O Bb7 11. Ng3 Nbd7 12. Re1 e6 13. Ne5 Nxe5 14. Bxe5 O-O
15. Bxf6 Bxf6 16. Ne4 Bxe4 17. Bxe4 Rad8 18. Qb3 c5 19. dxc5 Qxc5 20. Rad1 Rxd1
21. Rxd1 Rd8 22. Rxd8+ $11 Bxd8 23. g3 Bb6 24. Qc2 f5 25. b4 Qe5 26. Bd3 Qe1+
27. Kg2 Kf7 28. a3 Qa1 29. Qb3 Qe1 30. Qc2 Qa1 31. Qb3 Qe1 32. Qc2 1/2-1/2

[Event "ch-city"]
[Site "Milanowek"]
[Date "2009.06.26"]
[Round "7.13"]
[White "Jarmuzynska, Kamila"]
[Black "Budrewicz, Henryk"]
[Result "1-0"]
[WhiteElo "1697"]
[BlackElo "1671"]
[PlyCount "107"]
[EventDate "2009.06.20"]
[EventRounds "9"]
[EventCountry "POL"]

1. g3 d5 2. Bg2 e5 3. d4 exd4 4. Qxd4 c6 5. Nf3 Nf6 6. O-O Bf5 7. Qe5+ Be6 8.
Bg5 Be7 9. h4 Nbd7 10. Qe3 h6 11. Bxf6 Bxf6 12. c3 O-O 13. Nd4 Bg4 14. Re1 Re8
15. Qd2 Ne5 16. Na3 Qd7 17. Kh2 Re7 18. f3 Be6 19. Nxe6 fxe6 20. Rad1 Rd8 21.
Bh3 c5 22. f4 Nc6 23. Nc2 Qc7 24. e3 b5 25. Rb1 Qa5 26. a3 Qc7 27. Qg2 e5 28.
Rbd1 e4 29. Bg4 $11 g6 30. Qh3 Qd6 31. Re2 h5 32. Bc8 Qc7 33. Be6+ Kg7 34. Bxd5
Red7 35. Red2 Ne7 36. Qe6 Nf5 37. Qxe4 Qd6 38. Qf3 Nh6 39. e4 Ng4+ 40. Kg1 Qb6
41. Kg2 Qc7 42. Ne3 Nxe3+ 43. Qxe3 b4 44. e5 Be7 45. c4 bxa3 46. Qxa3 g5 47.
hxg5 Bxg5 48. Qc3 Be7 49. f5 Kh6 50. f6 Bf8 51. Qe3+ Kh7 52. Qg5 Rxd5 53. Rxd5
Qc6 54. Qxh5+ 1-0

[Event "ch-city"]
[Site "Milanowek"]
[Date "2009.06.26"]
[Round "7.16"]
[White "Wieclawska, Katarzyna"]
[Black "Tomczyk, Ryszard"]
[Result "1-0"]
[WhiteElo "1588"]
[BlackElo "1609"]
[PlyCount "85"]
[EventDate "2009.06.20"]
[EventRounds "9"]
[EventCountry "POL"]

1. d4 Nf6 2. c4 b6 3. Nc3 Bb7 4. Bf4 d6 5. e3 g6 6. Nf3 Bg7 7. Be2 O-O 8. O-O
Nh5 9. Bg5 Qd7 10. Nh4 Nf6 11. Nf3 e6 12. Qc2 Nc6 13. a3 h6 14. Bh4 Ne7 15.
Bxf6 Bxf6 16. Rfd1 Rad8 17. c5 Qc8 18. cxd6 cxd6 19. Rac1 Qb8 20. Qd2 a6 21. e4
Bg7 22. h4 h5 23. Ng5 b5 24. Bxh5 Bc8 25. Bg4 Rde8 26. h5 Nc6 27. Qe3 Bh6 28.
f4 f6 29. Qh3 Kg7 30. hxg6 Rh8 31. Nf7 Bxf4 32. Nxh8 Rxh8 33. Qf3 Bxc1 34. Rxc1
Nxd4 35. Qf2 e5 36. Bxc8 Rxc8 37. Rf1 Rf8 38. Nd5 Qd8 39. Qh4 Kxg6 40. Qg4+ Kh6
41. Kf2 f5 42. Rh1+ Qh4+ 43. Rxh4# 1-0

[Event "ch-city"]
[Site "Milanowek"]
[Date "2009.06.26"]
[Round "7.17"]
[White "Kanach, Jerzy"]
[Black "Paziewski, Marcin"]
[Result "1-0"]
[WhiteElo "1430"]
[BlackElo "1818"]
[PlyCount "81"]
[EventDate "2009.06.20"]
[EventRounds "9"]
[EventCountry "POL"]

1. d4 d5 2. Nc3 Nf6 3. Nf3 e6 4. a3 c5 5. e3 Nc6 6. Be2 a6 7. O-O Bd6 8. Re1
O-O 9. b3 cxd4 10. exd4 Qc7 11. Bb2 Ne4 12. Qd3 f5 13. Nd1 b5 14. c4 bxc4 15.
bxc4 Na5 16. cxd5 exd5 17. Nc3 Bb7 18. Rec1 Qe7 19. Ne5 f4 20. Nd1 Bxe5 21.
dxe5 Nc4 22. Rc2 Nxb2 23. Rxb2 Nc5 24. Qd4 Ne6 25. Qd3 d4 26. Bf3 Bxf3 27. Qxf3
Rab8 28. Rab1 Qc7 29. Qd5 Rxb2 30. Rxb2 Qc8 31. Rb6 Re8 32. Rc6 Qb7 33. h3 Qb1
34. Rxe6 Qxd1+ 35. Kh2 Rxe6 36. Qxe6+ Kf8 37. Qd6+ Ke8 38. e6 Qa4 39. Qc7 d3
40. Qf7+ Kd8 41. e7+ 1-0

[Event "ch-city"]
[Site "Milanowek"]
[Date "2009.06.27"]
[Round "8.1"]
[White "Rudolf, Michal"]
[Black "Goslawski, Michal"]
[Result "1-0"]
[WhiteElo "2377"]
[BlackElo "1999"]
[PlyCount "51"]
[EventDate "2009.06.20"]
[EventRounds "9"]
[EventCountry "POL"]

1. d4 d5 2. c4 c6 3. Nc3 e6 4. e3 Nf6 5. Nf3 Nbd7 6. Bd3 dxc4 7. Bxc4 b5 8. Be2
a6 9. e4 c5 10. e5 cxd4 11. Qxd4 Bc5 12. Qh4 Ng8 13. Qg4 Kf8 14. O-O Qc7 15.
Ne4 f5 16. Nxc5 Qxc5 17. Qh4 Ne7 18. Bd2 a5 19. Rfd1 Qc2 20. Nd4 Qxb2 21. Nxe6+
Kf7 22. Nc7 Qxe5 23. Bh5+ Ng6 24. Nxa8 Qb8 25. Bxg6+ Kxg6 26. Qg3+ 1-0

[Event "ch-city"]
[Site "Milanowek"]
[Date "2009.06.27"]
[Round "8.2"]
[White "Matuszewski, Michal"]
[Black "Nguyen, Piotr"]
[Result "1-0"]
[WhiteElo "2316"]
[BlackElo "2360"]
[PlyCount "87"]
[EventDate "2009.06.20"]
[EventRounds "9"]
[EventCountry "POL"]

1. e4 d5 2. exd5 Qxd5 3. Nc3 Qd6 4. d4 Nf6 5. Bd3 a6 6. Nge2 b5 7. Bf4 Qb6 8.
O-O Bb7 9. f3 Nbd7 10. a4 e5 11. a5 Qa7 12. Be3 b4 13. Na4 Bd6 14. Qd2 Qb8 15.
dxe5 Nxe5 16. Nc5 O-O 17. Bf2 Bxf3 18. Bd4 Nxd3 19. cxd3 Qb5 20. Rxf3 Bxc5 21.
Rc1 Bxd4+ 22. Nxd4 Qd7 23. Nf5 Ne4 24. Qf4 Nd6 25. Nxg7 Nb5 26. Nf5 f6 27. Rg3+
Kh8 28. Rg7 Rf7 29. Rxf7 Qxf7 30. Rc6 b3 31. h4 Re8 32. Nh6 Qg7 33. Rxf6 Nc3
34. Qf3 Ne2+ 35. Kh2 Nd4 36. Qf2 c5 37. Qf4 Ne6 38. Rxe6 Rf8 39. Qd6 Rc8 40.
Qe5 Qxe5+ 41. Rxe5 Kg7 42. Re6 c4 43. dxc4 Rxc4 44. Nf5+ 1-0

[Event "ch-city"]
[Site "Milanowek"]
[Date "2009.06.27"]
[Round "8.3"]
[White "Woloszyn, Piotr"]
[Black "Borowicz, Przemyslaw"]
[Result "1-0"]
[WhiteElo "1831"]
[BlackElo "1996"]
[PlyCount "105"]
[EventDate "2009.06.20"]
[EventRounds "9"]
[EventCountry "POL"]

1. e4 e6 2. d4 d5 3. Nc3 Bb4 4. e5 c5 5. a3 Bxc3+ 6. bxc3 Ne7 7. Qg4 g6 8. Qg5
Nbc6 9. Bb5 Nf5 10. Bxc6+ bxc6 11. Qxd8+ Kxd8 12. g4 Ne7 13. Bg5 h6 14. Bf6 Re8
15. Rb1 Ba6 16. Nf3 Kd7 17. Bxe7 Kxe7 18. h4 Rab8 19. Kd2 Bc4 20. dxc5 Ba2 21.
Rb4 a5 22. Rb6 Rxb6 23. cxb6 Rb8 24. Ra1 Bc4 25. Rb1 c5 26. Ke3 a4 27. Nd2 Ba6
28. f4 Kd7 29. c4 dxc4 30. Ne4 Kc6 31. Nd6 f6 32. Nf7 f5 33. gxf5 gxf5 34. Rd1
Rxb6 35. Nxh6 Kc7 36. Ng8 Rb8 37. Nf6 Rh8 38. h5 Bb5 39. Rd6 Be8 40. Rxe6 Bxh5
41. Re7+ Kc6 42. Rh7 Rxh7 43. Nxh7 Bd1 44. c3 Kd5 45. Nf6+ Ke6 46. Kf2 Bc2 47.
Kg3 Bd1 48. Kh4 Bf3 49. Kg5 Bc6 50. Kg6 Bb5 51. Kg7 Bc6 52. Kf8 Be4 53. Ke8 1-0

[Event "ch-city"]
[Site "Milanowek"]
[Date "2009.06.27"]
[Round "8.4"]
[White "Adamski, Jan"]
[Black "Grochulski, Grzegorz"]
[Result "1-0"]
[WhiteElo "2300"]
[BlackElo "1949"]
[PlyCount "89"]
[EventDate "2009.06.20"]
[EventRounds "9"]
[EventCountry "POL"]

1. Nf3 Nf6 2. c4 b6 3. g3 Bb7 4. Bg2 e6 5. d4 Be7 6. Nc3 O-O 7. O-O Ne4 8. Bd2
Nxc3 9. Bxc3 d5 10. cxd5 exd5 11. Rc1 Nd7 12. Qb3 c6 13. Rfd1 Re8 14. e3 Bd6
15. Bb4 Qe7 16. Bxd6 Qxd6 17. a4 Rac8 18. a5 Ba6 19. axb6 axb6 20. Nd2 Qe6 21.
Qa3 Ra8 22. Qc3 Rac8 23. e4 Nf6 24. Re1 c5 25. Qa3 Ra8 26. dxc5 Bf1 27. exd5
Qxe1 28. Rxe1 Rxa3 29. Rxe8+ Nxe8 30. bxa3 Bxg2 31. Kxg2 bxc5 32. Ne4 Nc7 33.
d6 Ne6 34. d7 c4 35. Nc5 Nd8 36. Kf3 Kf8 37. Ke3 Ke7 38. Kd4 Kd6 39. Kxc4 Kc6
40. a4 f6 41. f4 Nf7 42. a5 Nd6+ 43. Kb4 Nf7 44. a6 Kb6 45. Ne6 1-0

[Event "ch-city"]
[Site "Milanowek"]
[Date "2009.06.27"]
[Round "8.7"]
[White "Wyszomirski, Krzysztof"]
[Black "Rozowski, Marcin"]
[Result "1/2-1/2"]
[WhiteElo "1683"]
[BlackElo "1795"]
[PlyCount "49"]
[EventDate "2009.06.20"]
[EventRounds "9"]
[EventCountry "POL"]

1. e4 c6 2. d4 d5 3. Nc3 dxe4 4. Nxe4 Nd7 5. Nf3 Ngf6 6. Ng3 e6 7. Bd3 Be7 8.
O-O O-O 9. c3 c5 10. Re1 b6 11. Qe2 Qc7 12. Ng5 Bd6 13. N5e4 Bb7 14. dxc5 Bxc5
15. Bg5 Be7 16. Nxf6+ Bxf6 17. Bxf6 Nxf6 18. Ne4 Nxe4 19. Bxe4 Rad8 20. Bxb7
Qxb7 21. Rad1 Rd5 22. Rd2 Rfd8 23. Red1 Kf8 24. h3 h6 25. Rxd5 $11 1/2-1/2

[Event "ch-city"]
[Site "Milanowek"]
[Date "2009.06.27"]
[Round "8.8"]
[White "Solnicki, Michal"]
[Black "Jarmuzynska, Kamila"]
[Result "1-0"]
[WhiteElo "1997"]
[BlackElo "1697"]
[PlyCount "59"]
[EventDate "2009.06.20"]
[EventRounds "9"]
[EventCountry "POL"]

1. d4 d5 2. c4 c6 3. Nf3 Nf6 4. Qc2 e6 5. g3 Nbd7 6. Bg2 Be7 7. O-O O-O 8. Nbd2
b6 9. b3 Ba6 10. e4 h6 11. Rd1 Rc8 12. Ne5 Qc7 13. Bb2 Rfd8 14. Rac1 c5 15.
cxd5 exd5 16. Bh3 Bb7 17. Nxf7 Kxf7 18. e5 Kg8 19. exf6 Bxf6 20. dxc5 Bxb2 21.
Qxb2 bxc5 22. Nf3 Rf8 23. Nd4 Rf6 24. Nb5 Qb6 25. Bxd7 Rd8 26. Qe5 Kh7 27. Bf5+
g6 28. Rxc5 Bc8 29. Qe7+ Kh8 30. Qxd8+ 1-0

[Event "ch-city"]
[Site "Milanowek"]
[Date "2009.06.27"]
[Round "8.9"]
[White "Staniak, Mariusz"]
[Black "Chmielewska, Joanna"]
[Result "1-0"]
[WhiteElo "1949"]
[BlackElo "1671"]
[PlyCount "115"]
[EventDate "2009.06.20"]
[EventRounds "9"]
[EventCountry "POL"]

1. d4 d5 2. Nf3 Nf6 3. c4 c6 4. Nc3 dxc4 5. a4 Bf5 6. e3 e6 7. Bxc4 Be7 8. O-O
h6 9. Qe2 O-O 10. e4 Bh7 11. Re1 Nbd7 12. Bf4 Re8 13. Rad1 Bf8 14. Ne5 Qa5 15.
Qf3 Bb4 16. Nxd7 Nxd7 17. d5 Nc5 18. dxe6 fxe6 19. Qg4 Kh8 20. Be5 Re7 21. Re3
Nd7 22. Bd6 Nf6 23. Qe2 Ree8 24. Bxb4 Qxb4 25. Ba2 a6 26. Red3 Nxe4 27. Nxe4
Qxe4 28. Re3 Qxa4 29. Bxe6 Rad8 30. Bb3 Qxb3 31. Rxe8+ Rxe8 32. Qxe8+ Bg8 33.
Rd8 Kh7 34. h3 a5 35. Qe4+ Kh8 36. Qe5 Qb5 37. Qxb5 cxb5 38. Rb8 Kh7 39. Rxb7
Bc4 40. Rb6 a4 41. f4 Bd3 42. Kf2 Bc4 43. g4 Kg8 44. Ke3 Kf7 45. Kd4 Bf1 46. h4
Be2 47. g5 hxg5 48. hxg5 g6 49. Ke5 Bd3 50. Kd4 Be2 51. Kc5 Bd3 52. Rxb5 Ke6
53. Rb6+ Kf5 54. Kd4 Bc2 55. Ke3 Kg4 56. Ra6 Kf5 57. Rc6 Bb3 58. Rf6+ 1-0

[Event "ch-city"]
[Site "Milanowek"]
[Date "2009.06.27"]
[Round "8.10"]
[White "Kowalska, Elzbieta"]
[Black "Lasota, Adam"]
[Result "1/2-1/2"]
[WhiteElo "1910"]
[BlackElo "1753"]
[PlyCount "54"]
[EventDate "2009.06.20"]
[EventRounds "9"]
[EventCountry "POL"]

1. e4 c5 2. Nf3 e6 3. d4 cxd4 4. Nxd4 Nc6 5. Nc3 Qc7 6. Be2 a6 7. O-O Nf6 8.
Be3 Bb4 9. f3 Bxc3 10. bxc3 d5 11. Nxc6 Qxc6 12. e5 Nd7 13. Qd4 O-O 14. Bd3 f5
15. exf6 e5 16. Qh4 Nxf6 17. c4 dxc4 18. Qxc4+ Qe6 19. Bc5 Re8 20. Rfe1 Qxc4
21. Bxc4+ Be6 22. Bb3 Bxb3 23. cxb3 e4 24. fxe4 Nxe4 25. Bb6 Re6 26. Rac1 Rae8
27. Bd4 b5 1/2-1/2

[Event "ch-city"]
[Site "Milanowek"]
[Date "2009.06.27"]
[Round "8.11"]
[White "Szymczak, Rafal"]
[Black "Tulwin, Michal"]
[Result "1/2-1/2"]
[WhiteElo "2025"]
[BlackElo "1808"]
[PlyCount "80"]
[EventDate "2009.06.20"]
[EventRounds "9"]
[EventCountry "POL"]

1. f4 d5 2. Nf3 Nf6 3. g3 Nc6 4. Bg2 Bf5 5. d3 e6 6. c3 Qd7 7. Ne5 Nxe5 8. fxe5
Ng4 9. d4 f6 10. h3 Nh6 11. Bxh6 gxh6 12. exf6 Bd6 13. g4 Bg3+ 14. Kd2 Bg6 15.
Qb3 O-O-O 16. Na3 c6 17. Nc2 e5 18. Qa3 Kb8 19. Qe7 exd4 20. Nxd4 Qc8 21. Qe3
Qc7 22. Raf1 Rhe8 23. Qxh6 c5 24. Nf5 Bxf5 25. Rxf5 d4 26. f7 dxc3+ 27. Kc1
cxb2+ 28. Kb1 Rf8 29. Qe3 c4 30. Kxb2 Bd6 31. Rb5 Bf4 32. Qe4 Rxf7 33. Kc3 Re7
34. Rxb7+ Qxb7 35. Qxf4+ Qc7 36. Rb1+ Kc8 37. Qf5+ Rdd7 38. Bb7+ Kd8 39. Qf8+
Re8 40. Qf6+ Ree7 1/2-1/2

[Event "ch-city"]
[Site "Milanowek"]
[Date "2009.06.27"]
[Round "8.12"]
[White "Zochowski, Wieslaw"]
[Black "Borowicz, Miroslaw"]
[Result "1/2-1/2"]
[WhiteElo "1812"]
[BlackElo "1858"]
[PlyCount "66"]
[EventDate "2009.06.20"]
[EventRounds "9"]
[EventCountry "POL"]

1. e4 c6 2. d4 d5 3. Nc3 dxe4 4. Nxe4 Nd7 5. Nf3 Ngf6 6. Nxf6+ Nxf6 7. Bd3 Bg4
8. c3 e6 9. Bg5 Be7 10. Qe2 Nd5 11. Bxe7 Qxe7 12. g3 Qf6 13. Be4 Qh6 14. Qc2 f6
15. Nd2 O-O-O 16. h3 Bxh3 17. O-O-O g5 18. Bg2 g4 19. Kb1 f5 20. Nc4 Rhf8 21.
Ne5 Rf6 22. Rh2 Rg8 23. Rdh1 Rg5 24. Nd3 Qg7 25. Bxh3 gxh3 26. Rxh3 h6 27. c4
Nc7 28. Nf4 Qf8 29. Qe2 Rg8 30. Qe5 Rh8 31. b3 Rh7 32. Kb2 Qf7 33. Nh5 Rg6
1/2-1/2

[Event "ch-city"]
[Site "Milanowek"]
[Date "2009.06.27"]
[Round "8.13"]
[White "Kowalewska, Agata"]
[Black "Kowalik, Pawel"]
[Result "1/2-1/2"]
[WhiteElo "1647"]
[BlackElo "1846"]
[PlyCount "51"]
[EventDate "2009.06.20"]
[EventRounds "9"]
[EventCountry "POL"]

1. e4 e6 2. d4 d5 3. Nc3 Bb4 4. exd5 exd5 5. Bd3 Nc6 6. a3 Bxc3+ 7. bxc3 Nge7
8. Bg5 Qd6 9. Qh5 Be6 10. Ne2 O-O-O 11. Bf4 Qd7 12. Rb1 g6 13. Qf3 Bf5 14. O-O
a6 15. Rb2 f6 16. Rfb1 b5 17. a4 Bxd3 18. Qxd3 Na7 19. axb5 axb5 20. c4 dxc4
21. Qa3 c5 22. Qa6+ Qb7 23. Qe6+ Qd7 24. Qa6+ Qb7 25. Qe6+ Qd7 26. Qa6+ 1/2-1/2

[Event "ch-city"]
[Site "Milanowek"]
[Date "2009.06.27"]
[Round "8.17"]
[White "Paziewski, Marcin"]
[Black "Tomczyk, Ryszard"]
[Result "1-0"]
[WhiteElo "1818"]
[BlackElo "1609"]
[PlyCount "57"]
[EventDate "2009.06.20"]
[EventRounds "9"]
[EventCountry "POL"]

1. d4 Nf6 2. c4 b6 3. Nc3 Bb7 4. d5 g6 5. e4 d6 6. f3 Bg7 7. Be3 c6 8. Qd2 O-O
9. Be2 Nbd7 10. g4 a6 11. h4 Qc7 12. h5 Ne5 13. hxg6 fxg6 14. Nh3 Kf7 15. Ng5+
Kg8 16. Ne6 Qd7 17. g5 Ne8 18. f4 Nf7 19. Nxf8 Bxf8 20. Bf1 e6 21. Bh3 Nd8 22.
dxe6 Nxe6 23. f5 N6c7 24. fxg6 Qe7 25. gxh7+ Kh8 26. O-O-O b5 27. Rdf1 Ne6 28.
Bxe6 Qxe6 29. Rxf8+ 1-0

[Event "ch-city"]
[Site "Milanowek"]
[Date "2009.06.28"]
[Round "9.1"]
[White "Matuszewski, Michal"]
[Black "Woloszyn, Piotr"]
[Result "1-0"]
[WhiteElo "2316"]
[BlackElo "1831"]
[PlyCount "67"]
[EventDate "2009.06.20"]
[EventRounds "9"]
[EventCountry "POL"]

1. e4 c5 2. Nf3 Nf6 3. Nc3 d6 4. d4 cxd4 5. Nxd4 Nc6 6. Nb3 g6 7. Be2 Bg7 8.
Be3 Be6 9. O-O O-O 10. f3 Ne5 11. Nd2 Qc8 12. Nb5 a6 13. Na3 b5 14. c3 Nc4 15.
Naxc4 bxc4 16. Qa4 d5 17. Rfe1 Qc7 18. exd5 Nxd5 19. Bf2 Nf4 20. Bxc4 Bf5 21.
Ne4 h5 22. Rad1 Rfb8 23. Bb3 e5 24. Be3 Rd8 25. Ng5 Rf8 26. Qc4 Rac8 27. Qxa6
Rcd8 28. Rxd8 Qxd8 29. Nxf7 Rxf7 30. Bxf4 exf4 31. Qb7 Bd7 32. Rd1 Kh7 33. Bxf7
Qe7 34. Qxd7 1-0

[Event "ch-city"]
[Site "Milanowek"]
[Date "2009.06.28"]
[Round "9.2"]
[White "Rudolf, Michal"]
[Black "Kolinski, Daniel"]
[Result "1-0"]
[WhiteElo "2377"]
[BlackElo "1742"]
[PlyCount "67"]
[EventDate "2009.06.20"]
[EventRounds "9"]
[EventCountry "POL"]

1. e4 e5 2. Bc4 Nf6 3. d3 Nc6 4. Nf3 h6 5. c3 d6 6. Nbd2 Be7 7. Bb3 O-O 8. O-O
Bg4 9. Re1 d5 10. exd5 Nxd5 11. h3 Bh5 12. Nf1 Bxf3 13. Qxf3 Nf6 14. Ng3 Kh8
15. Nf5 Ng8 16. Nxe7 Ngxe7 17. Qh5 Qxd3 18. Bxf7 Qc2 19. Be3 Qh7 20. Bb3 Rf5
21. Qg4 Rff8 22. Rad1 Ng8 23. Qe2 Nf6 24. Bc5 Rfd8 25. Ba4 Rxd1 26. Rxd1 Qf5
27. Re1 Qe6 28. Bb3 Qe8 29. Qf3 a6 $11 30. Qf5 Rd8 31. Be3 Qe7 32. Qg6 Rf8 33.
Bc2 e4 34. Qf5 1-0

[Event "ch-city"]
[Site "Milanowek"]
[Date "2009.06.28"]
[Round "9.3"]
[White "Nguyen, Piotr"]
[Black "Adamski, Jan"]
[Result "1/2-1/2"]
[WhiteElo "2360"]
[BlackElo "2300"]
[PlyCount "54"]
[EventDate "2009.06.20"]
[EventRounds "9"]
[EventCountry "POL"]

1. f4 c5 2. Nf3 Nc6 3. g3 g6 4. Bg2 Bg7 5. O-O Nf6 6. d3 d6 7. Nc3 O-O 8. Nh4
d5 9. f5 e6 10. e4 dxe4 11. dxe4 Qxd1 12. Nxd1 exf5 13. exf5 Nd4 $11 14. Bg5
Nxf5 15. Nxf5 Bxf5 16. Ne3 Ne4 17. Nxf5 Nxg5 18. Nxg7 Kxg7 19. Rad1 Rfd8 20.
Bxb7 Rab8 21. Rxd8 Rxd8 22. h4 Ne6 23. b3 f5 24. Re1 Kf6 25. Kf2 h6 26. Ba6
Rd2+ 27. Re2 Rxe2+ $11 1/2-1/2